| 000 | 00641cam a2200205 a 4500 | ||
|---|---|---|---|
| 020 | _a0471000841 | ||
| 040 | _cDLC | ||
| 082 | 0 | 0 | _a363 WIL 1995 A075 Or. |
| 100 | 1 | _aArnold, Frank S. | |
| 245 | 1 | 0 | _aEconomic analysis of environmental policy and regulation / |
| 260 |
_aNew York : _bWiley, _cc1995. |
||
| 300 |
_ax, 251 p. : _bill. ; _c24 cm. |
||
| 650 | 0 | _aEnvironmental policy | |
| 650 | 0 | _aEnvironmental law. | |
| 650 | 0 | _aEnvironmental policy | |
| 650 | 0 | _aEnvironmental law | |
| 856 | 4 | 2 | _uhttp://www.loc.gov/catdir/description/wiley031/94023146.html |
| 856 | 4 | _uhttp://www.loc.gov/catdir/toc/onix01/94023146.html | |
| 942 | _cEK | ||
| 999 |
_c15256 _d15256 |
||